[Event "RUS-chT Premier League Women 2018"]
[Site "Sochi"]
[Date "2018.05.04"]
[Round "4"]
[White "Grigorieva, Yulia"]
[Black "Nasybullina, Alfia"]
[Result "0-1"]
[WhiteElo "1969"]
[BlackElo "2140"]
[Annotator "NA"]
[PlyCount "100"]
[EventDate "2018.??.??"]
[EventCountry "RUS"]
[SourceTitle "playchess.com"]
[Source "ChessBase"]
[SourceQuality "1"]
[TimeControl "40/5400+30:1800+30"]

1. d4 {[%emt 0:00:00]} d5 {[%emt 0:00:07]} 2. c4 {[%emt 0:00:00]} dxc4 {[%emt 0:00:05]} 3. e3 {[%emt 0:00:36]} e5 {[%emt 0:00:41]} 4. Bxc4 {[%emt 0:00:22]} Nc6 {[%emt 0:00:59]} 5. d5 {[%emt 0:14:33]} Na5 {[%emt 0:02:20]} 6. Be2 {[%emt 0:05:56]} c6 {[%emt 0:02:00]} 7. Nc3 {[%emt 0:03:50]} Nf6 {[%emt 0:02:06]} 8. e4 {[%emt 0:04:07]} Bb4 {[%emt 0:04:32]} 9. Qa4 {[%emt 0:03:27]} Bxc3+ {[%emt 0:05:27]} 10. bxc3 {[%emt 0:00:08]} Bd7 {[%emt 0:11:32]} 11. Bg5 {[%emt 0:06:00]} cxd5 {[%emt 0:20:39]} 12. Bb5 {[%emt 0:00:40]} Qc7 {[%emt 0:05:50]} 13. Rd1 $17 {[%emt 0:20:59]} O-O {[%emt 0:11:00]} 14. Bxf6 {[%emt 0:06:01]} Bxb5 {[%emt 0:00:20]} 15. Qxb5 {[%emt 0:00:21]} gxf6 {[%emt 0:01:34]} 16. Ne2 {[%emt 0:03:02]} dxe4 {[%emt 0:02:22]} 17. O-O {[%emt 0:07:21]} Qc4 {[%emt 0:03:49]} 18. Qxa5 {[%emt 0:02:43]} Qxe2 {[%emt 0:00:07]} 19. Rde1 {[%emt 0:03:12]} Qc4 {[%emt 0:03:46]} 20. f4 {[%emt 0:00:31]} Rfe8 {[%emt 0:02:34]} 21. Re3 {[%emt 0:03:00]} Re6 {[%emt 0:06:59]} 22. Rg3+ {[%emt 0:02:29]} Kh8 {[%emt 0:00:18]} 23. Rd1 {[%emt 0:01:03]} b6 {[%emt 0:00:59]} 24. Qxa7 {[%emt 0:01:14]} Qc5+ {[%emt 0:03:29]} 25. Kh1 {[%emt 0:00:13]} Qf8 {[%emt 0:00:23]} 26. Qd7 {[%emt 0:06:10]} exf4 {[%emt 0:00:36]} 27. Rh3 {[%emt 0:01:28]} e3 {[%emt 0:04:06]} 28. Qd3 {[%emt 0:00:38]} Qg8 {[%emt 0:00:05]} 29. Qe2 {[%emt 0:01:30]} Rd8 {[%emt 0:00:40]} 30. Rxh7+ {[%emt 0:00:44]} Qxh7 {[%emt 0:00:39]} 31. Rxd8+ {[%emt 0:00:07]} Kg7 {[%emt 0:00:07]} 32. Rd4 {[%emt 0:02:41]} Qb1+ {[%emt 0:00:48]} 33. Rd1 {[%emt 0:00:32]} Qf5 {[%emt 0:00:18]} 34. h3 {[%emt 0:00:25]} Re5 {[%emt 0:01:46]} 35. Kg1 {[%emt 0:00:38]} Rc5 {[%emt 0:02:13]} 36. c4 {[%emt 0:00:28]} Qe4 {[%emt 0:00:19]} 37. h4 {[%emt 0:00:39]} Rxc4 {[%emt 0:00:37]} 38. Qg4+ {[%emt 0:00:29]} Qg6 {[%emt 0:00:09]} 39. Qf3 {[%emt 0:00:25]} Rc2 {[%emt 0:00:45]} 40. h5 {[%emt 0:00:00]} Qg3 {[%emt 0:00:23]} 41. h6+ {[%emt 0:03:42]} Kxh6 {[%emt 0:02:28]} 42. a4 {[%emt 0:00:22]} e2 {[%emt 0:04:04]} 43. Rb1 {[%emt 0:00:10]} e1=Q+ {[%emt 0:00:21]} 44. Rxe1 {[%emt 0:00:04]} Qxe1+ {[%emt 0:00:09]} 45. Kh2 {[%emt 0:00:03]} Qh4+ {[%emt 0:00:11]} 46. Qh3 {[%emt 0:00:08]} Qxh3+ {[%emt 0:00:07]} 47. Kxh3 {[%emt 0:00:05]} Kg5 {[%emt 0:00:15]} 48. a5 {[%emt 0:00:17]} bxa5 {[%emt 0:00:14]} 49. g4 {[%emt 0:00:05]} f5 {[%emt 0:00:44]} 50. gxf5 {[%emt 0:00:10]} Kxf5 {[%emt 0:00:06]} 0-1

[Event "RUS-chT Premier League Women 2018"]
[Site "Sochi"]
[Date "2018.05.04"]
[Round "4"]
[White "Baiburina, Kamilla"]
[Black "Denikina, Natalia"]
[Result "1/2-1/2"]
[WhiteElo "1860"]
[BlackElo "2174"]
[Annotator "NA"]
[PlyCount "158"]
[EventDate "2018.??.??"]
[EventCountry "RUS"]
[SourceTitle "playchess.com"]
[Source "ChessBase"]
[SourceQuality "1"]
[TimeControl "40/5400+30:1800+30"]

1. e4 {[%emt 0:00:00]} c5 {[%emt 0:00:06]} 2. Nf3 {[%emt 0:00:00]} d6 {[%emt 0:00:05]} 3. c3 {[%emt 0:00:00]} Nf6 {[%emt 0:00:08]} 4. Be2 {[%emt 0:00:07]} Nbd7 {[%emt 0:00:12]} 5. Qc2 {[%emt 0:00:39]} Qc7 {[%emt 0:00:10]} 6. O-O {[%emt 0:00:13]} g6 {[%emt 0:00:16] B50: Sicilian: 2...d6, Miscellaneous} (6... b6 7. c4 Bb7 8. Nc3 e6 9. d4 cxd4 10. Nxd4 Be7 11. Be3 Rc8 12. Rfd1 a6 13. f3 O-O 14. Qd2 {½-½ (31) Jones,G (2657)-Hracek,Z (2598) Gjakova 2016}) 7. Re1 {[%emt 0:01:02]} Bg7 {[%emt 0:00:59]} 8. d3 {[%emt 0:00:38]} O-O {[%emt 0:00:57]} 9. Nbd2 {[%emt 0:01:18]} b6 {[%emt 0:02:20]} 10. Nf1 {[%emt 0:00:48]} Bb7 {[%emt 0:00:35]} 11. Ng3 {[%emt 0:00:28]} e5 $146 {[%emt 0:01:56]} 12. Bd2 {[%emt 0:02:22]} d5 {[%emt 0:06:51]} 13. Bf1 {[%emt 0:02:21]} Rfe8 {[%emt 0:05:12]} 14. Qc1 {[%emt 0:04:41]} dxe4 {[%emt 0:05:49]} 15. dxe4 {[%emt 0:00:30]} c4 {[%emt 0:00:09]} 16. Bh6 {[%emt 0:06:48]} Bh8 {[%emt 0:06:50]} 17. h4 {[%emt 0:02:29]} Ng4 {[%emt 0:08:18]} 18. Bg5 {[%emt 0:03:03]} Nf8 {[%emt 0:07:12]} 19. Nh2 {[%emt 0:05:41]} Nxh2 {[%emt 0:01:25]} 20. Kxh2 {[%emt 0:00:50]} Ne6 {[%emt 0:00:50]} 21. Qe3 {[%emt 0:06:29]} Nf4 {[%emt 0:02:10]} 22. f3 {[%emt 0:13:35]} Bg7 {[%emt 0:07:08]} 23. Qf2 {[%emt 0:07:05]} Ne6 {[%emt 0:12:52]} 24. Be3 {[%emt 0:02:13]} Bf6 {[%emt 0:05:14]} 25. Ne2 {[%emt 0:03:58]} Rad8 {[%emt 0:07:02]} 26. a4 {[%emt 0:01:47]} Be7 {[%emt 0:05:18]} 27. Nc1 {[%emt 0:07:22]} Rd7 {[%emt 0:05:53]} 28. a5 {[%emt 0:02:18]} Bc5 {[%emt 0:01:59]} 29. Bxc5 {[%emt 0:05:48]} Nxc5 {[%emt 0:00:10]} 30. Bxc4 {[%emt 0:03:16]} Nxe4 {[%emt 0:00:50]} 31. fxe4 {[%emt 0:00:49]} Qxc4 {[%emt 0:00:05]} 32. Qe3 {[%emt 0:02:52]} Red8 {[%emt 0:03:05]} 33. b3 {[%emt 0:02:36]} Qe6 {[%emt 0:00:16]} 34. Ra2 {[%emt 0:02:29]} Kg7 {[%emt 0:00:56]} 35. axb6 {[%emt 0:00:55]} axb6 {[%emt 0:00:01]} 36. Rf2 {[%emt 0:00:43]} h5 {[%emt 0:01:23]} 37. Qg3 {[%emt 0:02:33]} Rd1 {[%emt 0:00:27]} 38. Rxd1 {[%emt 0:00:58]} Rxd1 {[%emt 0:00:02]} 39. Nd3 {[%emt 0:00:14]} Bxe4 {[%emt 0:02:01]} 40. Qxe5+ {[%emt 0:00:00]} Qxe5+ {[%emt 0:00:04]} 41. Nxe5 {[%emt 0:01:01]} f5 {[%emt 0:00:33]} 42. Nc4 {[%emt 0:04:31]} b5 {[%emt 0:10:58]} 43. Na3 {[%emt 0:05:32]} Bc6 {[%emt 0:00:48]} 44. Nc2 {[%emt 0:07:11]} Rd3 {[%emt 0:00:48]} 45. c4 {[%emt 0:01:11]} bxc4 {[%emt 0:00:44]} 46. Nb4 {[%emt 0:01:01]} Rd6 {[%emt 0:00:44]} 47. bxc4 {[%emt 0:01:13]} Be4 {[%emt 0:00:19]} 48. Nc2 {[%emt 0:01:42]} Rd3 {[%emt 0:01:03]} 49. Re2 {[%emt 0:01:52]} Rc3 {[%emt 0:01:13]} 50. Ne3 {[%emt 0:00:34]} Kf7 {[%emt 0:01:07]} 51. Kg1 {[%emt 0:03:19]} Bd3 {[%emt 0:03:08]} 52. Ra2 {[%emt 0:03:50]} Bxc4 {[%emt 0:01:15]} 53. Nxc4 {[%emt 0:01:40]} Rxc4 {[%emt 0:00:05]} 54. g3 {[%emt 0:00:16]} Rg4 {[%emt 0:00:25]} 55. Kh2 {[%emt 0:00:36]} f4 {[%emt 0:00:10]} 56. gxf4 $17 {[%emt 0:03:44]} Rxf4 {[%emt 0:03:38]} 57. Kg3 {[%emt 0:00:24]} Rg4+ {[%emt 0:00:16]} 58. Kh3 {[%emt 0:00:08]} Re4 {[%emt 0:00:13]} 59. Ra7+ {[%emt 0:01:01]} Kf6 {[%emt 0:00:24]} 60. Ra6+ {[%emt 0:00:54]} Kf5 {[%emt 0:00:12]} 61. Ra5+ {[%emt 0:00:34]} Re5 {[%emt 0:02:48]} 62. Ra3 {[%emt 0:00:28]} Kf4 {[%emt 0:00:13]} 63. Ra4+ {[%emt 0:00:57]} Re4 {[%emt 0:00:33]} 64. Ra6 {[%emt 0:00:20]} Re3+ {[%emt 0:00:07]} 65. Kh2 {[%emt 0:00:11]} Kf5 {[%emt 0:00:16]} 66. Ra5+ {[%emt 0:00:55]} Re5 {[%emt 0:00:44]} 67. Ra6 {[%emt 0:00:51]} Re6 {[%emt 0:01:07]} 68. Ra5+ {[%emt 0:00:51]} Kf4 {[%emt 0:06:42]} 69. Rg5 {[%emt 0:01:34]} Rf6 {[%emt 0:02:49]} 70. Kh3 {[%emt 0:00:42]} Re6 {[%emt 0:00:59]} 71. Kh2 {[%emt 0:00:29]} Ra6 {[%emt 0:00:54]} 72. Kh3 {[%emt 0:00:57]} Kf3 {[%emt 0:01:09]} 73. Rg3+ {[%emt 0:00:40]} Ke4 {[%emt 0:00:18]} 74. Rg5 {[%emt 0:00:09]} Rf6 {[%emt 0:00:26]} 75. Kh2 {[%emt 0:00:53]} Rf2+ {[%emt 0:01:21]} 76. Kh3 {[%emt 0:00:21]} Rf1 {[%emt 0:00:16]} 77. Kg2 {[%emt 0:00:44]} Rf4 {[%emt 0:00:19]} 78. Kh3 {[%emt 0:00:36]} Rf3+ {[%emt 0:00:27]} 79. Kg2 {[%emt 0:00:34]} Rf6 1/2-1/2

[Event "RUS-chT Premier League Women 2018"]
[Site "Sochi"]
[Date "2018.05.07"]
[Round "6"]
[White "Girya, Olga"]
[Black "Markelova, Lubov"]
[Result "1-0"]
[WhiteElo "2465"]
[BlackElo "2127"]
[Annotator "TA"]
[PlyCount "65"]
[EventDate "2018.??.??"]
[EventCountry "RUS"]
[SourceTitle "playchess.com"]
[Source "ChessBase"]
[SourceQuality "1"]

{[%evp 34,65,18,12,27,36,36,45,41,13,23,16,58,54,81,81,81,17,87,91,106,87,88,41,48,52,118,122,347,347,1064,1016,29976,29972]} 1. d4 d5 2. c4 c6 3. Nf3 Nf6 4. Nc3 dxc4 5. a4 Bf5 6. e3 e6 7. Bxc4 Bb4 8. O-O Nbd7 9. Qe2 Bg6 10. e4 O-O 11. Bd3 Bh5 12. e5 Nd5 13. Nxd5 cxd5 14. Qe3 Re8 {D19: Slav Defence: 5 a4 Bf5 6 e3: Main line with 9 Qe2} 15. Bd2 Qa5 16. Qe1 Bxd2 17. Qxd2 Qxd2 18. Nxd2 {[#] LiveBook: 3 Games} Rac8 $146 ({Predecessor:} 18... Nb8 19. Rfc1 Nc6 20. Bb5 Reb8 21. Nb3 a6 22. Bf1 {½-½ (56) Wojtaszek,R (2750)-Aronian,L (2780) Wijk aan Zee 2017}) 19. Bb5 Red8 20. Rfc1 {Hoping for Bxd7.} Nb8 21. a5 a6 22. Ba4 Be2 23. f3 Bb5 24. Bxb5 axb5 {[#]} 25. Kf2 (25. Nb3 $1 $16) 25... Nc6 {[#]} (25... Na6 $11 {keeps the balance.}) 26. Nb3 $1 $16 Nb4 {And now ...Nd3+ would win.} 27. Nc5 Rc7 28. Ke3 Rdc8 29. Ra3 {Strongly threatening Rb3.} Na6 ({Black should try} 29... Ra8 $1 $14) 30. Rac3 Nxc5 $2 (30... b4 $16 31. R3c2 Nb8) 31. Rxc5 $18 Rc6 $2 (31... Rxc5 32. Rxc5 (32. dxc5 Kf8 $16) 32... Ra8 33. Rxb5 Kf8) 32. a6 ({Less strong is} 32. Rxc6 bxc6 33. f4 Kf8 $16) 32... Rxc5 33. Rxc5 {Precision: White = 70%, Black = 21%.} 1-0

[Event "RUS-chT Premier League Women 2018"]
[Site "Sochi"]
[Date "2018.05.07"]
[Round "6"]
[White "Kashlinskaya, Alina"]
[Black "Drozdova, Dina"]
[Result "1-0"]
[WhiteElo "2448"]
[BlackElo "2186"]
[Annotator "TA"]
[PlyCount "139"]
[EventDate "2018.??.??"]
[EventCountry "RUS"]
[SourceTitle "playchess.com"]
[Source "ChessBase"]
[SourceQuality "1"]

{[%evp 20,138,41,27,22,8,60,71,103,97,88,91,87,86,107,100,100,90,107,81,126,123,159,171,267,261,264,268,264,268,279,258,290,209,204,199,209,193,197,197,205,191,235,239,284,281,309,305,338,312,326,284,283,85,951,896,1704,1180,3117,239,877,853,841,845,817,786,1361,1348,1364,1355,1189,475,514,499,539,528,600,584,628,620,530,181,179,0,577,531,475,90,126,0,425,425,423,398,395,364,385,413,412,381,388,404,372,331,772,745,746,746,741,694,714,617,2201,1827,1505,1444,29979,29980,29998,29999,29999]} 1. d4 Nf6 2. c4 e6 3. Nc3 Bb4 4. Qc2 c5 5. dxc5 Na6 6. a3 Bxc3+ 7. Qxc3 Nxc5 8. f3 d6 9. e4 O-O 10. Be3 {E38: Nimzo-Indian: Classical: 4...c5} Qc7 (10... b6 11. Rd1 Qc7 12. b4 Ncd7 13. Qd4 Ne8 14. Ne2 Ba6 15. Nc3 Rc8 16. Rc1 Qd8 17. Nb5 Bxb5 18. cxb5 Rxc1+ 19. Bxc1 {0-1 (38) Kraemer,M (2506)-Postny,E (2653) Biel 2012}) 11. Rd1 {LiveBook: 3 Games} e5 12. b4 {The position is equal.} Ne6 (12... Na4 $1 $11 13. Qc2 Nb6) 13. Bd3 $146 ({Predecessor:} 13. Ne2 Rd8 14. Qd3 b5 15. cxb5 d5 16. Qb1 Bb7 17. Rc1 {0-1 (41) Sajjadi,K (1840)-Choladze,M (2007) Porec 2015}) 13... b6 14. Ne2 Ba6 15. O-O Rfc8 {[%cal Ra6c4]} 16. Rc1 Qd7 17. Qd2 Rc7 18. a4 Rac8 {[%cal Ra6c4]} 19. Qa2 h6 20. Rfd1 Qe8 21. Ng3 Nf4 (21... Nd4 $142 22. Bf1 h5 23. Bxd4 exd4) 22. Bf1 $18 Qe6 {[%cal Ra6c4]} 23. b5 $1 {[%cal Rb5a6]} Bb7 24. a5 bxa5 25. Qxa5 Rd7 26. Qd2 (26. Bxa7 $6 Ra8 $18) 26... a6 27. Bxf4 exf4 28. Qxf4 axb5 29. cxb5 Rxc1 30. Rxc1 (30. Qxc1 $6 d5 $16) 30... d5 {[%cal Rd5e4]} 31. e5 $1 {[%cal Re5f6]} Ne8 32. Nf5 g5 33. Qg4 {And now Nxh6+! would win.} Qxe5 34. Nxh6+ Kg7 {Hoping for ...Qe3+.} 35. Nf5+ (35. Qxd7 $6 Qe3+ 36. Kh1 Qxc1 $18) 35... Kf6 36. g3 $2 (36. h4 $18 {and White stays clearly on top.} Qxf5 37. Qd4+ Qe5 38. hxg5+ Kf5 39. Qxe5+ (39. Qg4+ Kg6 $16) 39... Kxe5 40. Re1+ Kd4 41. Rxe8) 36... Rd8 $2 {[%mdl 8192]} (36... Rc7 $16 37. Rxc7 Nxc7) 37. Bd3 {f4 would kill now.} Qb2 38. Rd1 {Black must now prevent h4.} Nc7 39. Nd4 $2 (39. Qh3 Ke6 40. Qh6+ f6 41. Qg7) 39... Ne6 $2 (39... Bc8 40. Nf5 Rh8) 40. Qf5+ Ke7 41. Nxe6 fxe6 42. Qh7+ Kf6 43. Re1 {White wants to mate with Qg6+.} Qd4+ 44. Kg2 Bc8 {[#]} 45. Qg6+ (45. f4 $142 $1 {[%mdl 512] Intending fxg5+ and mate.} gxf4 46. Qh4+ Kf7 47. Qxd8 f3+ 48. Kh1) 45... Ke7 46. Qxg5+ Kd7 47. Qg6 Kd6 48. h4 Rf8 49. h5 Bd7 50. Qh6 $2 (50. Re2) 50... Rh8 {[#]} 51. Qg6 $2 ({White should play} 51. Qd2 $1 $18) 51... Ra8 $2 {[%mdl 8192]} (51... Rf8 $11 {and Black has nothing to worry.} 52. Re2 Rc8) 52. h6 Ra3 53. Bf1 $2 (53. Be2 $18 Ra2 54. Qg5) 53... Qc3 $16 54. h7 (54. Re2 $16 {Qf7 is the strong threat.} Qxf3+ 55. Kg1 Qxg3+ 56. Qxg3+ Rxg3+ 57. Rg2) 54... Qxe1 $4 {[%mdl 8192]} (54... Qxf3+ $11 55. Kg1 Ra2) 55. h8=Q $18 Ra2+ 56. Kh3 Qxf1+ 57. Kg4 Ra4+ {[#]} 58. Kg5 $1 {White threatens Qf8+ and mate.} ({Worse is} 58. f4 Rxf4+ 59. Kg5 (59. gxf4 $2 {loses.} Qg2+ 60. Kh4 Qh1+ 61. Kg3 Qxh8 $19) 59... Rg4+ 60. Kxg4 Qe2+ 61. Kf4 Qf1+ 62. Ke3 Qc1+ 63. Kf3 Qf1+ 64. Kg4 Qe2+ 65. Kf4 Qd2+ 66. Kf3 (66. Kg4 Qe2+ $11) 66... Qd1+ 67. Kf4 Qd2+ 68. Kg4 Qe2+ $11) 58... Qxb5 59. Qf8+ Kc7 60. Qgf6 {aiming for Qe5+.} d4+ 61. Kh6 d3 $2 (61... Qf5 62. Qxf5 exf5 63. Qc5+ Kd8 64. Qb6+ Kc8) 62. Qc3+ Bc6 63. Qe7+ Kb6 64. Qd8+ Ka7 65. Qcxd3 Qb7 66. Qe3+ Ka6 67. Qxe6 Rb4 68. Qdd6 {White mates.} Rb6 69. Qa3+ Kb5 70. Qeb3# {Precision: White = 69%, Black = 33%.} 1-0

[Event "RUS-chT Premier League Women 2018"]
[Site "Sochi"]
[Date "2018.05.07"]
[Round "6"]
[White "Bodnaruk, Anastasia"]
[Black "Sazonova, Anastasia"]
[Result "1-0"]
[WhiteElo "2446"]
[BlackElo "2178"]
[Annotator "TA"]
[PlyCount "91"]
[EventDate "2018.??.??"]
[EventCountry "RUS"]
[SourceTitle "playchess.com"]
[Source "ChessBase"]
[SourceQuality "1"]

{[%evp 14,91,0,5,87,85,85,88,87,95,153,154,142,120,145,143,132,112,219,133,130,100,139,121,107,87,180,135,143,136,295,232,304,305,307,312,391,391,391,382,354,354,542,542,650,645,728,723,791,777,783,773,772,707,837,824,804,785,791,775,928,913,1324,1203,1422,1438,1166,1088,29995,29973,29996,29967,6323,5263,7220,5504,29964,29969,6665,6313]} 1. e4 e6 2. d4 d5 3. e5 c5 4. c3 Nc6 5. Nf3 Bd7 6. a3 c4 7. g3 Qb6 8. Nbd2 {LiveBook: 45 Games} O-O-O {C02: French: Advance Variation} (8... Na5 $11) (8... Na5 9. h4 Ne7 10. Bh3 h6 11. h5 Nc8 12. O-O Qc7 13. Ne1 Nb6 14. Qe2 O-O-O 15. Ng2 Be7 16. Rb1 Rdg8 17. f4 g6 {0-1 (43) Svidler,P (2749)-Andreikin,D (2715) Moscow 2012}) 9. b3 $16 cxb3 10. Nxb3 f6 {White is better.} 11. Bd3 $146 ({Predecessor:} 11. Bh3 g5 12. exf6 g4 13. Bxg4 Nxf6 14. Bh3 Ne4 15. O-O Be7 16. Bf4 {½-½ (28) Marques,V (2403)-Lafuente,P (2424) Pinamar 2004}) 11... Na5 ({Black should try} 11... fxe5 12. dxe5 Nh6) 12. Nxa5 Qxa5 13. Bd2 Ne7 14. O-O Kb8 15. Qe2 Rc8 (15... Nc6 $16) 16. c4 Qd8 17. c5 Nc6 18. Rfb1 Ka8 19. Bb5 $36 {[%mdl 2048] White is on the roll.} h5 (19... f5 $16 {is a better defense.}) 20. h4 Be7 21. Rb3 Nb8 $2 (21... fxe5 $16 22. Bxc6 Bxc6) 22. Rab1 f5 23. Bxd7 Qxd7 24. Rxb7 Qxb7 25. Rxb7 Kxb7 26. Ne1 Nc6 27. Nc2 Ka8 (27... Nb8 $142 28. Nb4 Ka8) 28. Qa6 $18 Rc7 29. Ba5 Nxa5 30. Qxa5 Rb7 31. Qa6 g5 32. hxg5 Bxg5 33. Qxe6 h4 34. gxh4 Bxh4 35. Qxd5 Rd8 36. Qf3 Rg8+ 37. Kf1 Kb8 38. Nb4 a5 39. Qd5 Rh8 40. c6 Ra7 41. Qd6+ Kc8 42. Nd5 {[%cal Rd5b6]} Bd8 43. e6 {[#] Intending e7 and mate.} Rhh7 44. Qf8 a4 45. Qxf5 Kb8 {[#]} 46. c7+ $1 {Precision: White = 81%, Black = 30%.} 1-0

[Event "RUS-chT Premier League Women 2018"]
[Site "Sochi"]
[Date "2018.05.07"]
[Round "6"]
[White "Ushenina, Anna"]
[Black "Ambartsumova, Karina"]
[Result "1/2-1/2"]
[WhiteElo "2443"]
[BlackElo "2375"]
[Annotator "TA RC"]
[PlyCount "81"]
[EventDate "2018.??.??"]
[EventCountry "RUS"]
[SourceTitle "playchess.com"]
[Source "ChessBase"]
[SourceQuality "1"]

{[%evp 21,81,32,33,30,18,18,21,21,21,19,18,15,66,18,12,0,0,6,6,0,0,0,0,0,0,0,0,0,0,0,0,0,0,0,0,0,0,0,6,0,0,0,0,0,0,0,0,0,0,0,0,0,0,0,0,0,0,0,7,7,7,0]} 1. d4 d5 {[%cal Bd7d5,Bd5c4][%mdl 32]} 2. Nf3 Nf6 3. c4 e6 4. g3 dxc4 5. Bg2 Nc6 6. Qa4 Bb4+ 7. Bd2 Bd6 8. Na3 {E04: Open Catalan: 5 Nf3} Ne4 9. Nxc4 Nxd2 10. Nfxd2 O-O 11. e3 Bd7 {LiveBook: 3 Games} 12. Nxd6 $146 (12. Qc2 {feels hotter.} Nb4 13. Qb3 a5 14. Nxd6 cxd6 15. O-O) ({Predecessor:} 12. Qb3 b5 13. Nxd6 cxd6 14. d5 exd5 15. Qxd5 Rc8 {1-0 (38) Xiong,J (2652)-Kacheishvili,G (2590) Saint Louis 2017}) 12... cxd6 13. O-O d5 14. Rfc1 Qe7 15. Rc3 Rfc8 16. Rac1 Qb4 (16... Qd6 $11) 17. Qc2 Ne7 {The position is equal.} 18. a3 Rxc3 19. Qxc3 Qb6 {[#] Hoping for ...Rc8.} 20. Qb3 Qxb3 21. Nxb3 {Strongly threatening Rc7.} Rc8 22. Bf1 Rxc1 23. Nxc1 $11 {[%mdl 4096] Endgame KBN-KBN} Nf5 24. Bd3 Nd6 25. b3 Kf8 26. f3 ({Reject} 26. Bxh7 g6 $17) 26... h6 27. Kf2 f6 28. Na2 Ke7 29. Nc3 Bc6 30. h4 g5 31. hxg5 hxg5 32. Kg2 e5 33. Kf2 Ke6 34. Bf1 Ke7 35. Bh3 Nb5 36. Nxb5 Bxb5 37. Bc8 b6 38. f4 exd4 39. exd4 gxf4 40. gxf4 Bd3 41. Ke3 {Precision: White = 66%, Black = 79%.} 1/2-1/2

[Event "RUS-chT Premier League Women 2018"]
[Site "Sochi"]
[Date "2018.05.07"]
[Round "6"]
[White "Voit, Daria"]
[Black "Tomashevskaya, Lidia"]
[Result "1/2-1/2"]
[WhiteElo "2382"]
[BlackElo "2146"]
[Annotator "NA"]
[PlyCount "94"]
[EventDate "2018.??.??"]
[EventCountry "RUS"]
[SourceTitle "playchess.com"]
[Source "ChessBase"]
[SourceQuality "1"]
[TimeControl "40/5400+30:1800+30"]

1. Nf3 {[%emt 0:00:00]} d5 {[%emt 0:00:10]} 2. d4 {[%emt 0:00:00]} Nf6 {[%emt 0:00:30]} 3. c4 {[%emt 0:00:00]} c6 {[%emt 0:00:45]} 4. e3 {[%emt 0:00:33]} a6 {[%emt 0:00:30]} 5. Bd3 {[%emt 0:02:09]} dxc4 {[%emt 0:07:24]} 6. Bxc4 {[%emt 0:00:05]} e6 {[%emt 0:00:55]} 7. O-O {[%emt 0:00:46]} c5 {[%emt 0:04:32]} 8. dxc5 {[%emt 0:01:43]} Qxd1 {[%emt 0:00:52]} 9. Rxd1 {[%emt 0:00:04]} Bxc5 {[%emt 0:00:07]} 10. Be2 {[%emt 0:05:03]} Nc6 {[%emt 0:02:24] D27: Queen's Gambit Accepted: Classical main line: 7 e4!? and 7 a4} (10... Nbd7 11. Nbd2 b6 12. Nc4 Bb7 13. b3 O-O {½-½ (12) Le,Q (2737)-Nguyen,N (2630) Riadh 2017}) 11. Nbd2 {[%emt 0:08:29] LiveBook: 37 Games} Ke7 {[%emt 0:05:47]} 12. Ne1 {[%emt 0:03:53]} Rd8 $146 {[%emt 0:14:20]} ({Predecessor:} 12... Ne5 13. b3 Bd7 14. Bb2 Bd6 15. Nef3 Bb5 16. Bxb5 Nxf3+ 17. Nxf3 axb5 18. a3 {½-½ (46) Shimanov,A (2488)-Khusenkhojaev,M (2373) Peterhof 2009}) 13. Nd3 {[%emt 0:03:18]} Bd6 {[%emt 0:05:26]} 14. Nc4 {[%emt 0:00:51]} Bc7 {[%emt 0:00:57]} 15. a4 {[%emt 0:23:02]} Rb8 {[%emt 0:16:47]} 16. a5 {[%emt 0:04:56]} Nd5 {[%emt 0:00:40]} 17. Bd2 {[%emt 0:00:48]} e5 {[%emt 0:09:28]} 18. Nc5 $14 {[%emt 0:13:54]} f5 {[%emt 0:08:03]} 19. f3 {[%emt 0:03:58]} f4 {[%emt 0:02:21]} 20. e4 {[%emt 0:07:52]} Ndb4 {[%emt 0:02:31]} 21. Be1 {[%emt 0:11:58]} Rxd1 {[%emt 0:03:56]} 22. Bxd1 {[%emt 0:00:08]} b5 {[%emt 0:01:33]} 23. axb6 {[%emt 0:02:32]} Bxb6 {[%emt 0:00:04]} 24. Nxb6 {[%emt 0:02:13]} Rxb6 {[%emt 0:00:04]} 25. Na4 {[%emt 0:00:40]} Rb8 {[%emt 0:00:57]} 26. Rc1 {[%emt 0:00:58]} Bd7 {[%emt 0:02:27]} 27. Nc5 {[%emt 0:01:08]} Nd4 {[%emt 0:01:06]} 28. Rc4 {[%emt 0:01:54]} a5 {[%emt 0:00:29]} 29. Bxb4 {[%emt 0:00:42]} Rxb4 {[%emt 0:00:23]} 30. Rxb4 {[%emt 0:00:09]} axb4 {[%emt 0:00:04]} 31. Nd3 {[%emt 0:00:06]} b3 {[%emt 0:02:11]} 32. Nxe5 {[%emt 0:01:18]} Bb5 {[%emt 0:00:04]} 33. g3 {[%emt 0:00:29]} g5 {[%emt 0:00:50]} 34. Kf2 {[%emt 0:00:34]} Ke6 {[%emt 0:01:50]} 35. Ng4 {[%emt 0:00:04]} h5 {[%emt 0:00:32]} 36. Nh6 {[%emt 0:00:03]} fxg3+ {[%emt 0:03:47]} 37. hxg3 {[%emt 0:00:31]} Kf6 {[%emt 0:00:19]} 38. Ke3 {[%emt 0:01:10]} Nc2+ {[%emt 0:02:06]} 39. Kd2 {[%emt 0:00:10]} Bd7 {[%emt 0:00:17]} 40. f4 {[%emt 0:00:00]} gxf4 {[%emt 0:01:49]} 41. gxf4 {[%emt 0:20:45]} Kg6 {[%emt 0:00:59]} 42. Nf5 {[%emt 0:01:33]} Bxf5 {[%emt 0:00:08]} 43. exf5+ {[%emt 0:00:32]} Kxf5 {[%emt 0:00:14]} 44. Bxh5 {[%emt 0:00:22]} Kxf4 {[%emt 0:00:10]} 45. Kc3 {[%emt 0:00:07]} Ke5 {[%emt 0:01:11]} 46. Kxb3 {[%emt 0:00:15]} Ne3 {[%emt 0:00:54]} 47. Bf7 {[%emt 0:00:13]} Nd1 {[%emt 0:00:12]} 1/2-1/2